000
00311nam a2200133Ia 4500
008
100328s9999 xx 000 0 und d
082
_b
44315
100
_a
बैजल रेखा
245
_a
आदिम
260
_b
शब्द
630
_a
आदिम
730
_a
आदिम
942
_c
BOOK
999
_c
532600
_d
532597